|
|
|
|
| LEADER |
00000nam0a2200000 4500 |
| 001 |
168737 |
| 005 |
20231031163209.0 |
| 035 |
|
|
|a (RuTPU)RU\TPU\book\183055
|
| 090 |
|
|
|a 168737
|
| 100 |
|
|
|a 20091102d1941 m y0rusy50 ca
|
| 101 |
0 |
|
|a rus
|
| 102 |
|
|
|a RU
|
| 105 |
|
|
|a y j 001zy
|
| 200 |
1 |
|
|a Славянское языкознание
|h Т. 1
|i Западно-славянские языки
|e учебное пособие для вузов
|f А. М. Селищев
|
| 210 |
|
|
|a Москва
|c Государственное педагогическое изд-во
|d 1941
|
| 215 |
|
|
|a 466 с.
|
| 320 |
|
|
|a Указатель: с. 449-463.
|
| 330 |
|
|
|a Предлагаемая читателям книга написана на основе курсов по истории и диалектологии славянских языков, которые автор, выдающийся отечественный языковед А. М. Селищев, в течение многих лет читал в Казанском и Московском университетах. Содержание этих курсов включало в себя главнейшие сведения об отдельных славянских народах, о памятниках письменности, о формировании литературных языков, о современном состоянии славянских языковых групп и истории языковых явлений, а также важнейшие черты диалектов. В книге представлены основные западнославянские народы - чехи и словаки, лужицкие сербы, поляки и поморяне, полабские славяне. Отделы языковых характеристик сопровождаются в книге текстами на литературном языке и на диалектах. Рекомендуется филологам разных специальностей, историкам языка, студентам и аспирантам филологических факультетов, преподавателям русского и иностранных языков, а также широкому кругу читателей, интересующихся проблемами языкознания.
|
| 610 |
1 |
|
|a языкознание
|
| 610 |
1 |
|
|a языки
|
| 610 |
1 |
|
|a западно-славянские языки
|
| 610 |
1 |
|
|a морфология
|
| 610 |
1 |
|
|a фонетика
|
| 686 |
|
|
|a Ш1
|v LBC/SL-A
|2 rubbk
|
| 700 |
|
1 |
|a Селищев
|b А. М.
|g Афанасий Матвеевич
|
| 801 |
|
1 |
|a RU
|b 63413507
|c 20091102
|
| 801 |
|
2 |
|a RU
|b 63413507
|c 20190211
|g RCR
|
| 942 |
|
|
|c BK
|